00405nam a2200145Ia 4500008004100000020001800041041000800059082001500067100001600082245009300098260002800191300000800219365001600227700001600243230718s9999 xx 000 0 und d a9780670919482 aeng a658.4bO'M aO'Malley M. aWisdom Of BeesbWhat The Hive Can Teach Business About Leadership, Efficiency And Growth c2010bPortfolio Penguin a214 cRs.b399.00 aO'Malley M.